[Iuste complaincte de l'eglise catholique & romaine sur la confession & protestation des simulez fideles. (Запись № 10986904)

Подробности
000 -МАРКЕР
контрольное поле 01022nam0a2200241 4500
001 - ИДЕНТИФИКАТОР ЗАПИСИ
контрольное поле RU\NLR\BIBL_A\011004549
005 - ИДЕНТИФИКАТОР ВЕРСИИ
контрольное поле 20250624205929.0
035 ## - ДРУГИЕ СИСТЕМНЫЕ НОМЕРА
Идентификатор записи (NLR Aleph) 011004549
100 ## - ДАННЫЕ ОБЩЕЙ ОБРАБОТКИ
Данные общей обработки 20160302d1562 |||y0rusy50 ca
101 0# - ЯЗЫК РЕСУРСА
Язык текста, звукозаписи и т.д. русский
102 ## - СТРАНА ПУБЛИКАЦИИ ИЛИ ПРОИЗВОДСТВА
Страна публикации Российская Федерация
105 ## - ПОЛЕ КОДИРОВАННЫХ ДАННЫХ: ТЕКСТОВЫЕ МАТЕРИАЛЫ, МОНОГРАФИЧЕСКИЕ
Кодированные данные о монографическом текстовом документе |||||||||||||
200 1# - ЗАГЛАВИЕ И СВЕДЕНИЯ ОБ ОТВЕТСТВЕННОСТИ
Основное заглавие [Iuste complaincte de l'eglise catholique & romaine sur la confession & protestation des simulez fideles.
Сведения, относящиеся к заглавию Dirigée aux catholiques enfans de ladicte église.
Первые сведения об ответственности Composée par Iaques le Fevre N. docteur en la faculté de theologie de Sorbonne]
210 ## - ПУБЛИКАЦИЯ, РАСПРОСТРАНЕНИЕ И ДР.
Место издания, распространения и т.д. [À Paris
Имя издателя, распространителя и т. д. chez Guillaume Guillard
Дата издания, распространения и т.д. 1562]
215 ## - ФИЗИЧЕСКАЯ ХАРАКТЕРИСТИКА
Специфическое обозначение материала и объем 91 л.
Размеры 8° (17 см)
307 ## - ПРИМЕЧАНИЯ, ОТНОСЯЩИЕСЯ К ФИЗИЧЕСКОМУ ОПИСАНИЮ
Текст примечания Грав. инициал. Заставка
316 ## - ПРИМЕЧАНИЯ ОБ ОСОБЕННОСТЯХ ЭКЗЕМПЛЯРА
Текст примечания Экз. деф.: нет начала кн. с тит. л.; описано по: KVK UBKA. Пергам. пер. Пометы, характер. для б-ки Залуских
Организация и экземпляр, к которому относится поле 16.104.5.47
852 ## - МЕСТОНАХОЖДЕНИЕ И ШИФР ХРАНЕНИЯ
Идентификатор организации NLR
Шифр хранения (Call Number) 16.104.5.47
942 ## - ДОПОЛНИТЕЛЬНЫЕ ЭЛЕМЕНТЫ ЗАПИСИ (АБИС)
Тип экземпляра АБИС Книга
980 ## - КОЛЛЕКЦИЯ
Название коллекции Национальная библиография
980 ## - КОЛЛЕКЦИЯ
Название коллекции Книги XVI века на европейских языках

Нет доступных экземпляров.